| 000 -LEADER |
| fixed length control field |
00721cam a2200205 a 4500 |
| 020 ## - INTERNATIONAL STANDARD BOOK NUMBER |
| ISBN |
0471116874 (acidfree paper) |
| 040 ## - CATALOGING SOURCE |
| Transcribing agency |
MiUcS |
| 082 00 - DEWEY DECIMAL CLASSIFICATION NUMBER |
| Classification number |
910 WIL 1995 A100 Or. |
| 100 1# - MAIN ENTRY--AUTHOR NAME |
| Personal name |
De Blij, Harm J. |
| 245 10 - TITLE STATEMENT |
| Title |
Harm de Blij's geography book : |
| Remainder of title |
a leading geographer's fresh look at our changing world / |
| 246 30 - VARYING FORM OF TITLE |
| Title proper/short title |
Geography book |
| 260 ## - PUBLICATION, DISTRIBUTION, ETC. (IMPRINT) |
| Place of publication |
New York : |
| Name of publisher |
Wiley, |
| Year of publication |
c1995. |
| 300 ## - PHYSICAL DESCRIPTION |
| Number of Pages |
336 p. : |
| Other physical details |
ill., maps ; |
| Dimensions |
25 cm. |
| 500 ## - GENERAL NOTE |
| General note |
Includes index. |
| 650 #0 - SUBJECT ADDED ENTRY--TOPICAL TERM |
| Topical Term |
Geography. |
| 856 4# - ELECTRONIC LOCATION AND ACCESS |
| Uniform Resource Identifier |
http://www.loc.gov/catdir/toc/onix01/95175627.html |
| 856 42 - ELECTRONIC LOCATION AND ACCESS |
| Uniform Resource Identifier |
http://www.loc.gov/catdir/enhancements/fy0706/95175627-b.html |
| 856 42 - ELECTRONIC LOCATION AND ACCESS |
| Uniform Resource Identifier |
http://www.loc.gov/catdir/enhancements/fy0706/95175627-d.html |
| 942 ## - ADDED ENTRY ELEMENTS (KOHA) |
| Koha item type |
សៀវភៅភាសាអង់គ្លេស |
| 952 ## - LOCATION AND ITEM INFORMATION (KOHA) |
| Withdrawn status [LOCAL, KOHA] |
0 |